000 00738nam a2200253Ia 4500
003 OSt
005 20220927105500.0
006 a|||||r|||| 00| 0
007 ta
008 220926b |||||||| |||| 00| 0 eng d
024 _a173592
037 _cReference Collections
040 _aRTL
_cRTL
_beng
041 _2eng
_aeng
082 _a"V2,31p.N92, N2.165-12/GD"
110 _a"INDIA, RAJYA SABHA."
_9372854
245 0 _aRajya sabha
_b Official report.
260 _aNew
_bDelhi Rajya Sabha Secretariat.
_c1992
300 _a216p.
_ccm.
490 _v"V.165, No.12"
700 _a"INDIA, RAJYA SABHA."
_9372855
942 _h"V2,31p.N92, N2.165-12/GD"
_cCC
999 _c692790
_d692790